Detalles MARC
| 000 -CABECERA |
| campo de control de longitud fija |
01017nam a2200169 a 4500 |
| 001 - NÚMERO DE CONTROL |
| campo de control |
000032066 |
| 005 - FECHA Y HORA DE LA ÚLTIMA TRANSACCIÓN |
| campo de control |
20200930063412.0 |
| 008 - DATOS DE LONGITUD FIJA--INFORMACIÓN GENERAL |
| campo de control de longitud fija |
110712s2000 dr a 000 0 spa d |
| 040 ## - FUENTE DE LA CATALOGACIÓN |
| Centro catalogador/agencia de origen |
DO-SdBNP |
| Lengua de catalogación |
spa |
| Centro/agencia transcriptor |
BNPHU |
| 082 ## - NÚMERO DE LA CLASIFICACIÓN DECIMAL DEWEY |
| Número de clasificación |
xxxx |
| Número de documento/Ítem |
M294 |
| 049 ## - FONDOS LOCALES (OCLC) |
| Fondos de biblioteca |
BNPD |
| 111 2# - ENTRADA PRINCIPAL--NOMBRE DE CONGRESO/REUNIÓN |
| Nombre de congreso/reunión o jurisdicción como elemento de entrada |
Jornada Estudiantil |
| Fecha del congreso/reunión |
(2000, oct. 27 : |
| Sede del congreso/Lugar de la reunión |
Santo Domingo) |
| 9 (RLIN) |
58192 |
| 245 10 - MENCIÓN DE TÍTULO |
| Título |
Manual Teórico-práctico el estudiante exitoso y saludable. |
| 260 ## - PUBLICACIÓN, DISTRIBUCIÓN, ETC. |
| Lugar de publicación, distribución, etc. |
Santo Domingo : |
| Nombre del editor, distribuidor, etc. |
Centro Profesional Psicólogos Unidos, |
| Fecha de publicación, distribución, etc. |
2000. |
| 300 ## - DESCRIPCIÓN FÍSICA |
| Extensión |
30 p. : |
| Otras características físicas |
il. , retr. ; |
| Dimensiones |
28 cm. |
| 505 0# - NOTA DE CONTENIDO CON FORMATO |
| Título |
La motivación en el rendimiento escolar / |
| Mención de responsabilidad |
Luis Vergés ; |
| Título |
La concentración: factor clave de éxito escolar / |
| Mención de responsabilidad |
Alexis Rodríguez ; |
| Título |
Autoestima y rendimiento escolar / |
| Mención de responsabilidad |
Francisco Javier Burgos Abreu ; |
| Título |
Hábitos y métodos de estudio / |
| Mención de responsabilidad |
Puro C. Blanco ; |
| Título |
Proyecto de vida / |
| Mención de responsabilidad |
Puro C. Blanco ; |
| Título |
Los valores humanos en el rendimiento escolar / |
| Mención de responsabilidad |
Daniel Pérez Quiróz ; |
| Título |
La salud y el desarrollo de la personalidad / |
| Mención de responsabilidad |
Milagros Peralta ; |
| Título |
La efectividad en las aulas / |
| Mención de responsabilidad |
Rosa Ariza. |